[Event "Everyone Loves a Quick Knock Out.  1700+"]
[Site "SchemingMind.com"]
[Date "2010.08.13"]
[Round "-"]
[White "emvarela"]
[Black "chrisantos_2000"]
[Result "0-1"]
[WhiteCountry "ARG"]
[BlackCountry "PHI"]
[WhiteElo "1735"]
[WhiteRD "53"]
[BlackElo "1846"]
[BlackRD "103"]
[GameID "257059"]

1. e4 e6 2. d4 d5 3. Nc3 Bb4 4. e5 h6 5. a3 Ba5 6. b4 Bb6 7. Nf3 Ne7 8. Na4 O-O 9. Nxb6 axb6 10. c4 Nbc6
11. Be3 Nf5 12. Qd2 Nxe3 13. Qxe3 Nxb4 14. Qc3 Nc6 15. cxd5 Qxd5 16. Bc4 Qe4+ 17. Kd2 Rd8 18. Rhe1 Qg4 19. Qe3 Nxd4 20. Nxd4 Rxd4+
21. Bd3 c5 22. h3 Qxg2 23. Rg1 Qd5 24. Rxg7+ Kxg7 25. Rg1+ Kf8 26. Qxh6+ Ke7 27. Qf6+ Kd7 28. Qxf7+ Kc6
0-1

[Event "Everyone Loves a Quick Knock Out.  1700+"]
[Site "SchemingMind.com"]
[Date "2010.08.13"]
[Round "-"]
[White "chrisantos_2000"]
[Black "emvarela"]
[Result "1-0"]
[WhiteCountry "PHI"]
[BlackCountry "ARG"]
[WhiteElo "1846"]
[WhiteRD "103"]
[BlackElo "1735"]
[BlackRD "53"]
[GameID "257065"]

1. e4 e5 2. Nf3 Nc6 3. d4 exd4 4. Nxd4 Nxd4 5. Qxd4 Nf6 6. Nc3 d6 7. Bg5 Be7 8. O-O-O Be6 9. Bb5+ c6 10. Bc4 Bxc4
11. Qxc4 Ng4 12. Bxe7 Qxe7 13. Qd4 O-O-O 14. Qxa7 Kc7 15. f3 Ne5 16. Na4 Nd7 17. Qa5+ Kb8 18. Kb1 Nc5 19. Rd4 Nxa4 20. Rxa4 f6
21. Rd1 Qe5 22. Qa7+ Kc7 23. Rb4 Rb8 24. Qb6+ Kc8 25. Rc4 Rd8 26. Rxc6+
1-0

[Event "Everyone Loves a Quick Knock Out.  1700+"]
[Site "SchemingMind.com"]
[Date "2010.08.12"]
[Round "-"]
[White "andu"]
[Black "Clive Everill"]
[Result "1-0"]
[WhiteCountry "AUT"]
[BlackCountry "CZE"]
[WhiteElo "2106"]
[WhiteRD "65"]
[BlackElo "1649"]
[BlackRD "50"]
[GameID "257373"]

1. e4 Nc6 2. d4 d5 3. exd5 Qxd5 4. Nf3 e5 5. Nc3 Bb4 6. Bd2 Bxc3 7. Bxc3 e4 8. Ne5 Nxe5 9. dxe5 Ne7 10. Qd2 Be6
11. Qxd5 Nxd5 12. Bd2 f6 13. exf6 Nxf6 14. Bb5+ Bd7 15. Bc4 O-O-O 16. Be3 Kb8 17. O-O-O Bg4 18. Rxd8+ Rxd8 19. h3 Bf5 20. Rd1 Rxd1+
21. Kxd1 g6 22. Bd4 Nd7 23. g4 Nb6 24. Bxb6 Bd7 25. Be3 c6 26. Bg8 h5 27. gxh5 gxh5 28. h4 Bg4+ 29. Kd2 b6 30. Bh7 Bf3
31. Bf4+ Kb7 32. Ke3 a6 33. Bxe4
1-0

[Event "Everyone Loves a Quick Knock Out.  1700+"]
[Site "SchemingMind.com"]
[Date "2010.08.13"]
[Round "-"]
[White "Clive Everill"]
[Black "andu"]
[Result "0-1"]
[WhiteCountry "CZE"]
[BlackCountry "AUT"]
[WhiteElo "1642"]
[WhiteRD "51"]
[BlackElo "2098"]
[BlackRD "69"]
[GameID "257379"]

1. c4 Nf6 2. Nc3 e5 3. Nf3 Nc6 4. g3 Bc5 5. Nxe5 Nxe5 6. d4 Bd6 7. dxe5 Bxe5 8. Nd5 O-O 9. Rb1 d6 10. Bg2 Bf5
11. Nxf6+ Bxf6 12. e4 Re8 13. Qd5 Bxe4 14. Bxe4 c6 15. Qf5 g6 16. Qf3 d5 17. cxd5 cxd5 18. O-O dxe4 19. Qb3 Qd3 20. Qxd3 exd3
21. Be3 Rac8 22. b3 Rc2 23. a4 b6 24. Rfd1 Rd8 25. Rd2 Bc3 26. Rxc2 dxc2 27. Rc1 Rd1+ 28. Kg2 Rxc1 29. Bxc1 Bd4 30. Kf3 h5
31. Ke2 f5 32. f3 Bg1 33. h3 Kf7 34. Kd2 Bh2 35. g4 Bf4+ 36. Kxc2 Bxc1 37. Kxc1 fxg4 38. hxg4 hxg4 39. fxg4 Kf6 40. Kd2 Kg5
41. Ke2 Kxg4 42. Kf2 Kh3
0-1

[Event "Everyone Loves a Quick Knock Out.  1700+"]
[Site "SchemingMind.com"]
[Date "2010.08.17"]
[Round "-"]
[White "zippittyay"]
[Black "CRIS PORTI"]
[Result "1-0"]
[WhiteCountry "USA"]
[BlackCountry "ARG"]
[WhiteElo "2096"]
[WhiteRD "110"]
[BlackElo "1789"]
[BlackRD "81"]
[GameID "257555"]

1. d4 Nf6 2. Nf3 g6 3. g3 Bg7 4. Bg2 O-O 5. O-O d5 6. c4 c6 7. b3 Bg4 8. Bb2 Bxf3 9. Bxf3 dxc4 10. bxc4 Qb6
11. Qb3 Qxb3 12. axb3 Nbd7 13. Nc3 e5 14. d5 cxd5 15. Nxd5 e4 16. Nxf6+ Nxf6 17. Bg2
1-0

[Event "Everyone Loves a Quick Knock Out.  1700+"]
[Site "SchemingMind.com"]
[Date "2010.08.17"]
[Round "-"]
[White "CRIS PORTI"]
[Black "zippittyay"]
[Result "0-1"]
[WhiteCountry "ARG"]
[BlackCountry "USA"]
[WhiteElo "1789"]
[WhiteRD "81"]
[BlackElo "2096"]
[BlackRD "110"]
[GameID "257560"]

1. e4 e6 2. d4 d5 3. Nc3 Bb4 4. a3 Bxc3+ 5. bxc3 dxe4 6. Qg4 Nf6 7. Qxg7 Rg8 8. Qh6 Rg6 9. Qe3 b6 10. Ne2 Bb7
11. Ng3 Nbd7 12. Be2 c5 13. Bb2 Qc7 14. O-O O-O-O 15. f3 Rdg8 16. f4 h5 17. Rf2 h4 18. Nf1 Nd5 19. Qxe4 Nxf4
0-1

[Event "Everyone Loves a Quick Knock Out.  1700+"]
[Site "SchemingMind.com"]
[Date "2010.08.19"]
[Round "-"]
[White "Will Grummitt"]
[Black "Scooter"]
[Result "1-0"]
[WhiteCountry "ENG"]
[BlackCountry "USA"]
[WhiteElo "1763"]
[WhiteRD "77"]
[BlackElo "1871"]
[BlackRD "61"]
[GameID "257678"]

1. e4 c6 2. d4 d5 3. Nc3 dxe4 4. Nxe4 Bf5 5. Bd3 Qxd4 6. Nf3 Qd5 7. c4 Qd8 8. Qe2 Bxe4 9. Bxe4 Nf6 10. O-O Nxe4
11. Rd1 Qc7 12. Qxe4 Nd7 13. Bf4 Nf6 14. Qxh7 Rxh7 15. Bxc7 e6 16. Rd3 Rc8 17. Bf4 Bc5 18. Ng5 Rh8 19. Rad1 Ng4 20. Ne4 Be7
21. Rd7 e5 22. Bg5 f6 23. h3 Nxf2 24. Kxf2 fxg5 25. Rxb7 Rh4 26. Rdd7 Rxe4 27. Rxe7+ Kf8 28. Rf7+
1-0

[Event "Everyone Loves a Quick Knock Out.  1700+"]
[Site "SchemingMind.com"]
[Date "2010.08.15"]
[Round "-"]
[White "cdevos"]
[Black "zogger"]
[Result "0-1"]
[WhiteCountry "NED"]
[BlackCountry "GER"]
[WhiteElo "1784"]
[WhiteRD "80"]
[BlackElo "2087"]
[BlackRD "66"]
[GameID "257679"]

1. d4 e6 2. g3 f5 3. e3 Nf6 4. Nh3 Be7 5. Nc3 O-O 6. d5 Bb4 7. Bg2 e5 8. O-O d6 9. a4 Bxc3 10. bxc3 a5
11. Ng5 h6 12. Ne6 Bxe6 13. dxe6 e4 14. Bh3 g6 15. Rb1 b6 16. Rb5 Nc6 17. Bb2 Qe8 18. Rxf5 gxf5 19. Bxf5 Ne7 20. Bh3 Qxa4
21. c4 Qxc4 22. Qa1 Ne8 23. Qd1 Kh7 24. Bg4 Ng7 25. Bxg7 Kxg7 26. f4 exf3 27. Bxf3 Rae8 28. Bh5 Rxf1+ 29. Qxf1 Qxf1+ 30. Kxf1 a4
0-1

[Event "Everyone Loves a Quick Knock Out.  1700+"]
[Site "SchemingMind.com"]
[Date "2010.08.15"]
[Round "-"]
[White "mmccaffe"]
[Black "hulk"]
[Result "0-1"]
[WhiteCountry "USA"]
[BlackCountry "POL"]
[WhiteElo "1784"]
[WhiteRD "63"]
[BlackElo "2092"]
[BlackRD "122"]
[GameID "257680"]

1. d4 f5 2. c4 Nf6 3. Nc3 d6 4. Nf3 g6 5. e3 Bg7 6. Bd3 O-O 7. b3 Nc6 8. Bb2 e5 9. dxe5 dxe5 10. Bc2 Qe7
11. O-O Rd8 12. Qe2 e4 13. Ne1 Nb4 14. Bb1 Ng4 15. a3 Na6 16. b4 Qd6 17. g3 Qd2 18. Qxd2 Rxd2 19. Ra2 Rxb2
0-1

[Event "Everyone Loves a Quick Knock Out.  1700+"]
[Site "SchemingMind.com"]
[Date "2010.08.19"]
[Round "-"]
[White "Scooter"]
[Black "Will Grummitt"]
[Result "1-0"]
[WhiteCountry "USA"]
[BlackCountry "ENG"]
[WhiteElo "1871"]
[WhiteRD "61"]
[BlackElo "1763"]
[BlackRD "77"]
[GameID "257693"]

1. d4 Nf6 2. Bf4 d6 3. h3 g6 4. Nf3 Bg7 5. e3 O-O 6. Nbd2 Nc6 7. Bb5 Bd7 8. O-O a6 9. Ba4 b5 10. Bb3 Na5
11. c4 Nxb3 12. Qxb3 Nh5 13. Bh2 e6 14. Qd3 Re8 15. b3 bxc4 16. bxc4 d5 17. c5 Bb5 18. Qc3 Bxf1 19. Kxf1 c6 20. Ne5 Bxe5
21. Bxe5 f6 22. Bd6 Ng7 23. Rb1 Nf5 24. Bh2 Qd7 25. Qa5 Qd8 26. Qa4 Qd7 27. Rb6 Ne7 28. Bd6 Nc8 29. Rxa6 Rxa6 30. Qxa6 Nxd6
31. cxd6 Qxd6 32. Nb3 Qb4 33. Qa7 Rb8 34. Qd7 Qb5+ 35. Kg1 Qa6 36. Qxe6+ Kg7 37. Qe7+ Kh6 38. Nc5 Rb1+ 39. Kh2 Qf1 40. Ne6 Qh1+
41. Kg3 Rg1 42. Qg7+
1-0

[Event "Everyone Loves a Quick Knock Out.  1700+"]
[Site "SchemingMind.com"]
[Date "2010.08.15"]
[Round "-"]
[White "zogger"]
[Black "cdevos"]
[Result "1-0"]
[WhiteCountry "GER"]
[BlackCountry "NED"]
[WhiteElo "2098"]
[WhiteRD "66"]
[BlackElo "1737"]
[BlackRD "83"]
[GameID "257694"]

1. f4 d5 2. Nf3 f5 3. e3 Nf6 4. Be2 e6 5. d3 Nc6 6. O-O h6 7. Ne5 h5 8. Ng6 Rh6 9. Nxf8 Kxf8 10. h3 e5
11. e4 dxe4 12. fxe5 Qd4+ 13. Kh1 Nxe5 14. Bxh6 exd3 15. Nc3 gxh6 16. Bxd3 Neg4 17. hxg4 Nxg4 18. Bxf5 Nf2+ 19. Rxf2 Qxf2 20. Qd8+ Kg7
21. Qe7+ Kg8 22. Bh7+ Kh8 23. Bg6 Kg8 24. Nd5
1-0

[Event "Everyone Loves a Quick Knock Out.  1700+"]
[Site "SchemingMind.com"]
[Date "2010.08.15"]
[Round "-"]
[White "hulk"]
[Black "mmccaffe"]
[Result "1-0"]
[WhiteCountry "POL"]
[BlackCountry "USA"]
[WhiteElo "2120"]
[WhiteRD "96"]
[BlackElo "1802"]
[BlackRD "66"]
[GameID "257695"]

1. d4 Nf6 2. c4 g6 3. Nc3 Bg7 4. e4 d6 5. Nf3 O-O 6. Be2 e5 7. d5 Nbd7 8. Be3 Nc5 9. Nd2 b6 10. g4 Ne8
11. h4 f5 12. gxf5 gxf5 13. h5 f4 14. Bxc5 bxc5 15. h6 Bf6 16. Bg4 Kh8 17. Bxc8 Qxc8 18. Qh5 Qd7 19. O-O-O Qf7 20. Qh3 Rg8
21. Nf3 Rg6 22. Rdg1 Rxg1+ 23. Rxg1 Rb8 24. Qf5 Qe7 25. Ne2 Rb4 26. b3 a5 27. Nc3 Rb8 28. Kc2 Rb7 29. Qc8 Ra7 30. Nb5
1-0

[Event "Everyone Loves a Quick Knock Out.  1700+"]
[Site "SchemingMind.com"]
[Date "2010.08.22"]
[Round "-"]
[White "goodknight"]
[Black "jankep"]
[Result "1-0"]
[WhiteCountry "POL"]
[BlackCountry "POL"]
[WhiteElo "2374"]
[WhiteRD "98"]
[BlackElo "1982"]
[BlackRD "69"]
[GameID "257907"]

1. e4 e6 2. d4 d5 3. Nc3 Bb4 4. e5 c5 5. a3 Bxc3+ 6. bxc3 Bd7 7. Nf3 Ba4 8. Bd3 Nc6 9. O-O cxd4 10. cxd4 Nge7
11. Rb1 Qc7 12. Be3 h6 13. Qe2 a6 14. Rfc1 b5 15. c3 O-O 16. Qd2 Ng6 17. Bxh6 Na5 18. Qg5
1-0

[Event "Everyone Loves a Quick Knock Out.  1700+"]
[Site "SchemingMind.com"]
[Date "2010.08.22"]
[Round "-"]
[White "jankep"]
[Black "goodknight"]
[Result "0-1"]
[WhiteCountry "POL"]
[BlackCountry "POL"]
[WhiteElo "1982"]
[WhiteRD "69"]
[BlackElo "2374"]
[BlackRD "98"]
[GameID "257913"]

1. d4 d5 2. c4 c6 3. Nf3 Nf6 4. e3 e6 5. Be2 Nbd7 6. O-O Bd6 7. cxd5 exd5 8. Nc3 O-O 9. h3 Re8 10. a4 a5
11. Re1 Ne4 12. Nxe4 dxe4 13. Nd2 Nf6 14. Qc2 Nd5 15. Nxe4 Nb4 16. Qb1 Bf5 17. Bf3 Bg6 18. Bd2 Qe7 19. Nxd6 Bxb1 20. Nxe8 Bg6
0-1

[Event "Everyone Loves a Quick Knock Out.  1700+"]
[Site "SchemingMind.com"]
[Date "2010.10.13"]
[Round "-"]
[White "Will Grummitt"]
[Black "goodknight"]
[Result "0-1"]
[WhiteCountry "ENG"]
[BlackCountry "POL"]
[WhiteElo "1709"]
[WhiteRD "56"]
[BlackElo "2375"]
[BlackRD "103"]
[GameID "263045"]

1. e4 c5 2. c3 Nf6 3. e5 Nd5 4. d4 cxd4 5. cxd4 d6 6. f4 e6 7. Bc4 dxe5 8. fxe5 Qh4+ 9. g3 Qe4+ 10. Qe2 Qxh1
11. Qf2 Qe4+ 12. Ne2 Bb4+ 13. Bd2 Nc6 14. a3 Ne3 15. Ra2 Qxb1+ 16. Nc1 Qxc1+ 17. Ke2 Qxd2+ 18. Kf3 Nxd4+ 19. Ke4 Qxf2 20. Kxd4 Nxc4+
21. Kxc4 Qc5+ 22. Kd3 Qd5+ 23. Ke3 Bc5+ 24. Ke2 Qe4+ 25. Kd2 Be3+ 26. Kc3 Qd4+ 27. Kc2 Qd2+ 28. Kb3 Qd3+ 29. Kb4 a5+ 30. Ka4 b5#
0-1

[Event "Everyone Loves a Quick Knock Out.  1700+"]
[Site "SchemingMind.com"]
[Date "2010.10.13"]
[Round "-"]
[White "goodknight"]
[Black "Will Grummitt"]
[Result "1-0"]
[WhiteCountry "POL"]
[BlackCountry "ENG"]
[WhiteElo "2376"]
[WhiteRD "107"]
[BlackElo "1694"]
[BlackRD "55"]
[GameID "263053"]

1. e4 e6 2. d4 d5 3. Nc3 Nf6 4. Bg5 dxe4 5. Nxe4 Be7 6. Bxf6 Bxf6 7. Nf3 Nc6 8. Nxf6+ Qxf6 9. Qd2 O-O 10. O-O-O e5
11. d5 Ne7 12. Bd3 Bf5 13. Rhe1 Bxd3 14. Qxd3 Rfd8 15. Rxe5 c6 16. d6 Nd5 17. c4 Nb6 18. c5 Nd5 19. Rh5 h6 20. Qd4 Qxd4
21. Rxd4 Rd7 22. Kd2 Re8 23. b4 a6 24. a4 Nf6 25. Re5 Rxe5 26. Nxe5 Rd8 27. b5 axb5 28. axb5 cxb5 29. Kc3 Nd7 30. Nxd7 Rxd7
31. Kb4 f6 32. Kxb5 Kf7 33. Re4 f5 34. Re7+ Rxe7 35. dxe7 Kxe7 36. Kb6 Kd7 37. Kxb7 g5 38. c6+ Ke6 39. c7 f4 40. c8=Q+ Ke5
41. Qg4 Ke4 42. Kc6 Ke5 43. Kc5 Kf6 44. Kd6 Kg6 45. Ke7 h5 46. Qe6+ Kh7 47. Kf7 g4 48. Qf6 f3 49. Qg7#
1-0

[Event "Everyone Loves a Quick Knock Out.  1700+"]
[Site "SchemingMind.com"]
[Date "2010.10.25"]
[Round "-"]
[White "hulk"]
[Black "zogger"]
[Result "1/2-1/2"]
[WhiteCountry "POL"]
[BlackCountry "GER"]
[WhiteElo "2187"]
[WhiteRD "75"]
[BlackElo "2088"]
[BlackRD "71"]
[GameID "264386"]

1. d4 Nf6 2. c4 g6 3. Nc3 d6 4. e4 Bg7 5. Be2 O-O 6. Bg5 Na6 7. Qd2 e5 8. d5 Nc5 9. f3 a5 10. O-O-O c6
11. dxc6 Ra6 12. Qxd6 Qxd6 13. Rxd6 Rxc6 14. Rxc6 bxc6 15. Be3 Ne6 16. Na4 Rd8 17. Bb6 Rd7 18. Bxa5 Ra7 19. b4 Bh6+ 20. Kb2 Be3
21. Bf1 Rd7 22. Ne2 Rd2+ 23. Kb3 Rd3+ 24. Nac3 Nd7 25. h4 h5 26. b5 Ndc5+ 27. Kc2 Nd4+ 28. Kb1 Rd2 29. Bb4 Na4 30. Nxa4 Rd1+
31. Kb2 Nxe2 32. Nc3 Bd4 33. Kb3 Bxc3 34. Bxc3 Ng3 35. Kc2 Rxf1 36. Rxf1 Nxf1 37. Kd3 f6 38. a4 Kf7 39. a5 Bd7 40. b6 Bc8
41. Ke2=
1/2-1/2

[Event "Everyone Loves a Quick Knock Out.  1700+"]
[Site "SchemingMind.com"]
[Date "2010.10.25"]
[Round "-"]
[White "zogger"]
[Black "hulk"]
[Result "1/2-1/2"]
[WhiteCountry "GER"]
[BlackCountry "POL"]
[WhiteElo "2088"]
[WhiteRD "71"]
[BlackElo "2187"]
[BlackRD "75"]
[GameID "264390"]

1. Nf3 Nf6 2. g3 g6 3. Bg2 Bg7 4. O-O O-O 5. d3 c5 6. e4 Nc6 7. Nbd2 d6 8. c3 b5 9. Re1 Rb8 10. d4 b4
11. dxc5 dxc5 12. cxb4 Nxb4 13. e5 Nfd5 14. Nc4 Bf5 15. e6 fxe6 16. Nfe5 Nb6 17. Bf4 Nc2 18. Nc6 Qxd1 19. Rexd1 Nxc4 20. Bxb8 Nxb2
21. Nxe7+ Kh8 22. Nxf5 Nxa1 23. Rxa1 Rxb8 24. Nxg7 Kxg7 25. Rc1 c4 26. Kf1 Kf6 27. Ke2 Rb4 28. Rc2 Ke5 29. Ke3 c3 30. f4+ Kd6
31. Bf3 Na4 32. Kd3 Kc5 33. Re2 Rd4+ 34. Kc2 Kb4 35. Bg4 Nc5 36. Bh3 Rd7 37. Bf1 a5 38. a3+ Kxa3 39. Kxc3 Rd1 40. Bh3 a4
41. Kc4 Nb3 42. Bxe6 Rd2 43. Rxd2 Nxd2+ 44. Kc3 Nf1 45. Bg8 Nxh2 46. Bxh7 Nf1=
1/2-1/2

[Event "Everyone Loves a Quick Knock Out.  1700+"]
[Site "SchemingMind.com"]
[Date "2010.10.27"]
[Round "-"]
[White "jesusch"]
[Black "zippittyay"]
[Result "1/2-1/2"]
[WhiteCountry "ESP"]
[BlackCountry "USA"]
[WhiteElo "1962"]
[WhiteRD "73"]
[BlackElo "2171"]
[BlackRD "111"]
[GameID "264969"]

1. e4 e6 2. d4 d5 3. Nc3 Nf6 4. e5 Nfd7 5. f4 c5 6. Nf3 Nc6 7. Be3 a6 8. Be2 b5 9. O-O Qb6 10. a4 b4
11. a5 Nxa5 12. Na4 Qc7 13. b3 c4 14. Ng5 h6 15. Nf3 Be7 16. Nd2 Bb7 17. f5 exf5 18. Rxf5 O-O 19. Bh5 Qc6 20. Qg4 Qe6
21. Rxf7 Qxg4 22. Rxf8+ Nxf8 23. Bxg4 Rd8 24. Kf2 c3 25. Nf3 Nc6 26. Ne1 Bc8 27. Bf3 Ne6 28. Nb6 Nexd4 29. Bxd5+ Be6 30. Bxe6+ Nxe6
31. Rxa6 Nxe5 32. h3 Nd4 33. Ra8 Rxa8 34. Nxa8 Nf5 35. Nf3 Nd7 36. Nd4 Bh4+ 37. Kf3 Nd6 38. Nc7 Ne5+ 39. Ke2 Be7 40. Nd5 Nc8
41. Nxe7+ Nxe7 42. Bf4 N7g6 43. Ke3 Kf7 44. Ke4 Nxf4 45. Kxf4 Kf6 46. Ke4 g5 47. Nb5 Nd7 48. Na7 Nc5+ 49. Kd4 Nxb3+ 50. Kc4 Na1
51. Kxb4 Nxc2+ 52. Kxc3 Ne3 53. g4 Nd1+ 54. Kd2 Nf2 55. Ke3 Nxh3 56. Nc6 Nf4 57. Nd4 Kg6 58. Nf3 Kf6 59. Ke4 Ke6= 60. Kd4 Kf6=
61. Ke4 Ke6 62. Kd4 Kd6 63. Ne5 Ke6= 64. Ke4 h5 65. gxh5 Nxh5 66. Ng4 Kd6 67. Kf5= Kc5 68. Kxg5 Ng3= 69. Kf4 Ne2+= 70. Ke3 Nc3
71. Kd3 Nb5=
1/2-1/2

[Event "Everyone Loves a Quick Knock Out.  1700+"]
[Site "SchemingMind.com"]
[Date "2010.10.30"]
[Round "-"]
[White "chrisantos_2000"]
[Black "andu"]
[Result "0-1"]
[WhiteCountry "PHI"]
[BlackCountry "AUT"]
[WhiteElo "1785"]
[WhiteRD "97"]
[BlackElo "2072"]
[BlackRD "70"]
[GameID "264971"]

1. e4 c5 2. Nf3 e6 3. d4 cxd4 4. Nxd4 Nf6 5. Bd3 a6 6. O-O Qc7 7. Be3 b5 8. a4 b4 9. c3 bxc3 10. Nxc3 Bb7
11. Rc1 Nc6 12. Re1 Bb4 13. Qb3 Ng4
0-1

[Event "Everyone Loves a Quick Knock Out.  1700+"]
[Site "SchemingMind.com"]
[Date "2010.10.28"]
[Round "-"]
[White "zippittyay"]
[Black "jesusch"]
[Result "1-0"]
[WhiteCountry "USA"]
[BlackCountry "ESP"]
[WhiteElo "2171"]
[WhiteRD "111"]
[BlackElo "1962"]
[BlackRD "73"]
[GameID "264975"]

1. d4 Nf6 2. Nf3 e6 3. Bf4 d5 4. e3 Be7 5. h3 O-O 6. Bd3 Nh5 7. Bh2 Nc6 8. c3 Bd7 9. b4 a5 10. b5 Na7
11. a4 f5 12. Nbd2 Nc8 13. O-O Nf6 14. c4 Bb4 15. Qc2 Nd6 16. cxd5 Nxd5 17. Nb3 Kh8 18. Nc5 b6 19. Nxd7 Qxd7 20. Ne5 Qe8
21. Rfc1 Rc8 22. Qc6 Qe7 23. Nc4 Ne4 24. Bxe4 fxe4 25. Rc2 Kg8 26. Rac1 Rcd8 27. Bg3 Kh8 28. Nd2 Ba3 29. Nxe4 Bxc1 30. Rxc1 Kg8
31. Nd2 Rc8 32. Nf3 Nb4 33. Qe4 Nd5 34. Rc6 Rfe8 35. h4 Qf7 36. Qb1 Nb4 37. Rc4 Qe7 38. Ng5 g6 39. e4 c5 40. bxc6 Rxc6
41. Rxc6 Nxc6 42. Qxb6 Qd7 43. Nf3 Rc8 44. h5 gxh5 45. Qb5 Qg7 46. Qb3 Qf7 47. Qc4 Qd7 48. Qc5 Nxd4 49. Qxd4 Qxd4 50. Nxd4 Rc4
51. Nxe6 Rxe4 52. Nc5 Rc4 53. Bd6 Kf7 54. f3 Kf6 55. Kf2 Kf5 56. Ke3 Rc2 57. g3 Rc3+ 58. Ke2 Rc4 59. Kd3 Rc1 60. Be7 Rg1
61. Bh4 Rc1 62. Nb3 Rd1+ 63. Kc4 Rf1 64. f4 Kg4 65. Nxa5 Rc1+ 66. Kb4 Rb1+ 67. Nb3 Rb2 68. Ka3 Rc2 69. a5 h6 70. Kb4 Ra2
71. Nc5 Ra1 72. a6 Rb1+ 73. Ka5
1-0

[Event "Everyone Loves a Quick Knock Out.  1700+"]
[Site "SchemingMind.com"]
[Date "2010.10.30"]
[Round "-"]
[White "andu"]
[Black "chrisantos_2000"]
[Result "1-0"]
[WhiteCountry "AUT"]
[BlackCountry "PHI"]
[WhiteElo "2072"]
[WhiteRD "70"]
[BlackElo "1785"]
[BlackRD "97"]
[GameID "264977"]

1. e4 e6 2. d4 d5 3. Nc3 Bb4 4. e5 c5 5. a3 Ba5 6. b4 cxb4 7. Nb5 bxa3+ 8. Bd2 Bc7 9. Rxa3 a6 10. Qg4 g6
11. Nf3 h6 12. Bd3 Ne7 13. O-O Nbc6 14. Qh4
1-0

[Event "Everyone Loves a Quick Knock Out.  1700+"]
[Site "SchemingMind.com"]
[Date "2010.12.21"]
[Round "-"]
[White "goodknight"]
[Black "zogger"]
[Result "1-0"]
[WhiteCountry "POL"]
[BlackCountry "GER"]
[WhiteElo "2386"]
[WhiteRD "109"]
[BlackElo "2078"]
[BlackRD "69"]
[GameID "270500"]

1. e4 c6 2. d4 d5 3. Nc3 dxe4 4. Nxe4 Bf5 5. Ng3 Bg6 6. Nf3 Nd7 7. h4 h6 8. h5 Bh7 9. Bd3 Bxd3 10. Qxd3 e6
11. Bf4 Qa5+ 12. c3 Ngf6 13. a4 Nd5 14. Bd2 Qc7 15. O-O Bd6 16. Ne4 N5f6 17. Nxd6+ Qxd6 18. Rfe1 Nxh5 19. a5 Nhf6 20. b4 O-O
21. Qe2 Rfe8 22. Ne5 Qd5 23. Rad1 Red8 24. Bf4 Qb5 25. Rd3 Nxe5 26. Bxe5 Nd7 27. Qc2 Nxe5 28. Rxe5 Qc4 29. Rc5 Qa6 30. Rg3 Rd5
31. c4 Rf5 32. Qe4 Rxc5 33. dxc5 Rd8 34. Qh4 Rd1+ 35. Kh2 g6 36. Rc3 h5 37. g4
1-0

[Event "Everyone Loves a Quick Knock Out.  1700+"]
[Site "SchemingMind.com"]
[Date "2010.12.25"]
[Round "-"]
[White "zogger"]
[Black "goodknight"]
[Result "1/2-1/2"]
[WhiteCountry "GER"]
[BlackCountry "POL"]
[WhiteElo "2117"]
[WhiteRD "69"]
[BlackElo "2364"]
[BlackRD "111"]
[GameID "270505"]

1. Nf3 b6 2. g3 c5 3. Bg2 Bb7 4. O-O Nf6 5. d3 g6 6. Nbd2 Bg7 7. e4 O-O 8. Re1 d6 9. e5 dxe5 10. Nxe5 Bxg2
11. Kxg2 Nd5 12. Kg1 Qc7 13. Ndc4 b5 14. Na3 a6 15. Qe2 Nc6 16. Nxc6 Qxc6 17. c3 Rad8 18. Nc2 Rd6 19. Bg5 Rc8 20. d4 cxd4
21. Nxd4 Qd7 22. Rad1 e6 23. Nf3 f6 24. Bd2 e5 25. Be3 e4 26. Nd4 b4 27. c4 Nxe3 28. fxe3 f5 29. Nb3 Rd3 30. Nc1 Rxd1
31. Rxd1 Qc6 32. b3 Bf6 33. Qf2 Rd8 34. Rxd8+ Bxd8 35. Qd2 Bb6 36. Ne2 g5 37. Nd4 Qd6 38. Kf1 Kf7 39. Qf2 Bxd4 40. exd4 Qf6
41. Qe3 f4 42. Qxe4 fxg3+ 43. Ke2 Qf2+ 44. Kd3 Qf1+ 45. Kd2 Qf4+ 46. Qxf4+=
1/2-1/2

[Event "Everyone Loves a Quick Knock Out.  1700+"]
[Site "SchemingMind.com"]
[Date "2011.04.03"]
[Round "-"]
[White "zippittyay"]
[Black "andu"]
[Result "0-1"]
[WhiteCountry "USA"]
[BlackCountry "AUT"]
[WhiteElo "2110"]
[WhiteRD "105"]
[BlackElo "2113"]
[BlackRD "76"]
[GameID "279807"]

1. d4 Nf6 2. Nf3 d5 3. Bf4 c5 4. c3 e6 5. e3 Nc6 6. Nbd2 Be7 7. h3 O-O 8. Bd3 Bd7 9. Ne5 Nxe5 10. dxe5 Ne8
11. Qh5 f5 12. g4 g5 13. Rg1 Ng7 14. Qh6 Kh8 15. O-O-O Rf7 16. gxf5 Nxf5 17. Bxf5 Rxf5 18. Bg3 Qe8
0-1

[Event "Everyone Loves a Quick Knock Out.  1700+"]
[Site "SchemingMind.com"]
[Date "2011.04.03"]
[Round "-"]
[White "andu"]
[Black "zippittyay"]
[Result "1-0"]
[WhiteCountry "AUT"]
[BlackCountry "USA"]
[WhiteElo "2113"]
[WhiteRD "76"]
[BlackElo "2110"]
[BlackRD "105"]
[GameID "279809"]

1. e4 c5 2. Nf3 g6 3. d4 cxd4 4. Qxd4 Nf6 5. e5 Nc6 6. Qa4 Nd5 7. Qe4 Nc7 8. Nc3 Bg7 9. Bf4 O-O 10. O-O-O b5
11. h4 b4 12. Nb5 Nxb5 13. Bxb5 Qb6 14. Bc4 Qxf2 15. Be3 Qg3 16. Rh3 d5 17. Bxd5 Bxh3 18. gxh3 Rad8 19. Rg1 Qxh3 20. Bxc6 Qe6
21. b3 a5 22. h5 f5 23. Qc4 Qxc4 24. bxc4
1-0

[Event "Everyone Loves a Quick Knock Out.  1700+"]
[Site "SchemingMind.com"]
[Date "2011.06.02"]
[Round "-"]
[White "goodknight"]
[Black "andu"]
[Result "1-0"]
[WhiteCountry "POL"]
[BlackCountry "AUT"]
[WhiteElo "2392"]
[WhiteRD "123"]
[BlackElo "2056"]
[BlackRD "78"]
[GameID "285273"]

1. e4 e5 2. Nf3 Nc6 3. Bb5 d6 4. O-O Nf6 5. Re1 Bd7 6. c3 Be7 7. d4 exd4 8. cxd4 O-O 9. Nc3 a6 10. Bd3 h6
11. e5 dxe5 12. dxe5 Nh7 13. Qc2 Ng5 14. Bxg5 hxg5 15. Rad1 g4 16. e6 fxe6 17. Bh7+ Kh8 18. Ne5 Nxe5 19. Rxe5
1-0

[Event "Everyone Loves a Quick Knock Out.  1700+"]
[Site "SchemingMind.com"]
[Date "2011.06.01"]
[Round "-"]
[White "andu"]
[Black "goodknight"]
[Result "0-1"]
[WhiteCountry "AUT"]
[BlackCountry "POL"]
[WhiteElo "2056"]
[WhiteRD "78"]
[BlackElo "2392"]
[BlackRD "123"]
[GameID "285276"]

1. e4 c5 2. Nf3 d6 3. d4 cxd4 4. Nxd4 Nf6 5. Nc3 a6 6. Bg5 e6 7. f4 Qb6 8. Qd2 Qxb2 9. Nb3 Nbd7 10. Bxf6 gxf6
11. Be2 b5 12. O-O Bb7 13. Rab1 Qa3 14. f5 Rc8 15. Bh5 e5 16. Rfe1 Qb4
0-1